00290nam a2200109Ia 4500008004100000082000900041100001700050245002800067260002900095630002800124730002800152100328s9999 xx 000 0 und d b2138 aDevi Savitri aA Warning To The Hindus bPrabartak Printing Press aA Warning To The Hindus aA Warning To The Hindus